Statystyki dla Rozpoznaj rapera po imieniu i nazwisku.

Kliknij tutaj aby rozwiązać quiz!

Ogólne statystyki

  • Ten quiz został rozwiązany 1 144 razy
  • Średni wynik to 8 z 17

Statystyki odpowiedzi

Imię i nazwiskoRaper% Poprawnych
Kuba GrabowskiQuebonafide
89%
Filip SzcześniakTaco Hemingway
85%
Borys PrzybylskiBedoes
81%
Filip MarcinekFilipek
73%
Igor BugajczykReTo
59%
Jan PasulaJan-rapowanie
57%
Sebastian CzekajWhite2115
48%
Mateusz BluzaGuzior
44%
Mateusz KaraśBiałas
43%
Wacław OsieckiWac Toja
43%
Karol PoziemskiSolar
42%
Igor OśmiałowskiYoung Igi
41%
Mariusz GollingSarius
36%
Mateusz ZawistowskiŻabson
31%
Paweł ŚwidnickiZeamsone
13%
Adrian PołońskiBeteo
12%
Patryk StefańskiBlacha
9%

Rozkład punktacji

Percentyl według liczby udzielonych odpowiedzi

Procent ludzi z każdym wynikiem

Twoja historia wyników

Nie rozwiązałeś tego quizu